Lliȯns de dret processal penal

Bibliographic Details
Main Author: Armenta Deu, Teresa
Other Authors: Ormazb̀al Sǹchez, Guillem
Format: Unknown
Language:Spanish
Published: Barcelona : Universitat Oberta de Catalunya, 1999
Subjects:
Online Access:Acceso restringido

MARC

LEADER 00000ny a22000003n 4500
005 20110530135212.0
008 080625s1999 sp s 000 0 spa c
020 |a 8484290360 
035 |a 1532 
040 |a UMA.RE  |d vLex 
080 |a 343.1(460)(0.034) 
090 |c 360  |d 360 
100 1 |a Armenta Deu, Teresa 
245 1 0 |a Lliȯns de dret processal penal  |h [Recurso electrn̤ico]  |c Teresa Armenta Deu y Guillem Ormazb̀al Sǹchez 
256 |a Servicio en ln̕ea 
260 |a Barcelona :  |b Universitat Oberta de Catalunya,  |c 1999 
506 1 |a Contenido solo disponible en los productos indicados  |d vLex Global  |d vLex Global (Academic Edition, excluding Law Schools)  |d vLex Global (U.S. Academic Edition, Law Schools)  |d vLex Global (U.S. Academic Edition, excluding Law Schools)  |d vLex Global (Academic Edition, Law Schools) 
650 0 7 |a Procesal  |2 Tesauro vLex 
650 0 7 |a Penal  |2 Tesauro vLex 
650 0 7 |a Ley de enjuiciamiento criminal  |2 Tesauro vLex 
650 0 7 |a Proceso penal  |2 Tesauro vLex 
700 1 |a Ormazb̀al Sǹchez, Guillem 
740 0 |a vLex Libros (Servicios en ln̕ea) 
856 4 0 |u http://vlex.com/source/1532  |z Acceso restringido 
942 |c BOOK 
999 0 |a Criminal Law  |b Barcelona